000
00222 a2200097 4500
001
44555
100
_a
Austin
245
_a
Elective Arc Welding
260
_a
Chicago
_b
American Technical Society
_c
090
_c
28279
_d
28279
942
_a
NUST-CAE
_c
M
_c
20312
999
_c
279628
_d
279628